[Event "Paulista-chT Interclubes"]
[Site "Sao Paulo"]
[Date "2008.03.??"]
[Round "6"]
[White "Santos, Marcus Vinicius M"]
[Black "Lee, Orlando"]
[Result "1/2-1/2"]
[WhiteElo "2402"]
[BlackElo "2288"]
[PlyCount "125"]
[EventDate "2008.03.01"]
[EventType "team-tourn"]
[EventRounds "7"]
[EventCountry "BRA"]
[SourceTitle "EXT 2022"]
[Source "ChessBase"]
[SourceDate "2021.10.06"]
[SourceVersion "1"]
[SourceVersionDate "2021.10.06"]
[SourceQuality "1"]
[WhiteTeam "Aramacan CA"]
[BlackTeam "Circulo Militar"]
[WhiteTeamCountry "BRA"]
[BlackTeamCountry "BRA"]

1. d4 Nf6 2. c4 e6 3. Nc3 Bb4 4. a3 Bxc3+ 5. bxc3 b6 6. e3 Bb7 7. Ne2 Nc6 8. Ng3 Na5 9. Bd3 0-0 10. e4 Ne8 11. 0-0 Ba6 12. Qe2 c5 13. Be3 Rc8 14. Rac1 Qh4 15. e5 f5 16. f4 Qe7 17. d5 g6 18. Rcd1 d6 19. Bf2 Ng7 20. Rfe1 Rcd8 21. Nf1 Rfe8 22. Nd2 Nh5 23. g3 Qd7 24. Nf3 Ng7 25. g4 exd5 26. cxd5 Bxd3 27. Qxd3 Qa4 28. Bh4 fxg4 29. Bxd8 gxf3 30. Bg5 dxe5 31. d6 Qd7 32. Qxf3 e4 33. Qg2 Re6 34. h3 Nf5 35. Rxe4 Rxd6 36. Rde1 Rd1 37. Qa2+ c4 38. Bf6 Nb3 39. Qe2 Rxe1+ 40. Qxe1 Nd2 41. Qe2 Nxe4 42. Qxe4 b5 43. Be5 Kf7 44. a4 a6 45. a5 Qd1+ 46. Kh2 Qd2+ 47. Kg1 Qd7 48. Kf2 Ne7 49. Qa8 Qd2+ 50. Kg1 Qe1+ 51. Kg2 Qe2+ 52. Kg1 Qe3+ 53. Kg2 Qd2+ 54. Kg1 b4 55. Qxa6 Qe1+ 56. Kg2 Qe4+ 57. Kf2 bxc3 58. Qf6+ Ke8 59. Bxc3 Qc2+ 60. Kg1 Qb1+ 61. Kf2 Qc2+ 62. Ke1 Qc1+ 63. Kf2 1/2-1/2

[Event "Sao Paulo Interclubs Paulista"]
[Site "Sao Paulo"]
[Date "2007.03.25"]
[Round "7"]
[White "Santos, Marcus Vinicius M"]
[Black "Lee, Orlando"]
[Result "1/2-1/2"]
[WhiteElo "2401"]
[BlackElo "2288"]
[PlyCount "100"]
[EventDate "2007.02.24"]
[EventType "team"]
[EventRounds "7"]
[EventCountry "BRA"]
[SourceTitle "CBM 117 Extra"]
[Source "ChessBase"]
[SourceDate "2007.05.09"]
[SourceVersion "1"]
[SourceVersionDate "2007.05.09"]
[SourceQuality "1"]

1. d4 d6 2. c4 e5 3. d5 g6 4. e4 Bg7 5. Nc3 a5 6. Be2 Nf6 7. Nf3 Nbd7 8. Bg5 h6 9. Bh4 Nc5 10. Nd2 Bd7 11. b3 0-0 12. 0-0 Qe8 13. a3 Nh7 14. Kh1 h5 15. f3 Bh6 16. Rb1 f5 17. Qc2 Be3 18. Bf2 Bxf2 19. Rxf2 fxe4 20. Ndxe4 Bf5 21. Bd3 Nxd3 22. Qxd3 Qe7 23. Qe3 Nf6 24. Nxf6+ Qxf6 25. Rbf1 Qe7 26. Ne4 Bxe4 27. fxe4 Kg7 28. g3 b6 29. Kg2 Rae8 30. h4 Qd8 31. Rxf8 Rxf8 32. Rxf8 Qxf8 33. Qg5 Qf6 34. Qxf6+ Kxf6 35. Kf3 Ke7 36. Ke3 Kd7 37. Kd3 Kc8 38. Kc3 Kb7 39. b4 c5 40. dxc6+ Kxc6 41. Kb3 Kb7 42. Kc3 Kc6 43. Kc2 Kc7 44. Kb2 axb4 45. axb4 Kb8 46. Kc3 Kc7 47. Kb2 Kb8 48. Kb3 Kb7 49. Ka4 Ka6 50. Kb3 Kb7 1/2-1/2

[Event "Sao Paulo Interclubs Paulista"]
[Site "Sao Paulo"]
[Date "2007.03.04"]
[Round "6"]
[White "Lee, Orlando"]
[Black "Vescovi, Giovanni P"]
[Result "0-1"]
[WhiteElo "2288"]
[BlackElo "2604"]
[PlyCount "64"]
[EventDate "2007.02.24"]
[EventType "team"]
[EventRounds "7"]
[EventCountry "BRA"]
[SourceTitle "CBM 117 Extra"]
[Source "ChessBase"]
[SourceDate "2007.05.09"]
[SourceVersion "1"]
[SourceVersionDate "2007.05.09"]
[SourceQuality "1"]

1. d4 Nf6 2. c4 e6 3. Nf3 b6 4. e3 Bb7 5. Bd3 Be7 6. Nc3 d5 7. 0-0 0-0 8. cxd5 exd5 9. b3 Nbd7 10. Bb2 a6 11. Rc1 Bd6 12. Ne2 Qe7 13. Ng3 g6 14. Qe2 Ne4 15. Rc2 f5 16. Rfc1 c6 17. Nf1 b5 18. Qd1 Rae8 19. Ne1 f4 20. exf4 Bxf4 21. Ra1 Bh6 22. Nf3 Bg7 23. Ng3 Ng5 24. Nxg5 Qxg5 25. Re2 Qh4 26. Rd2 Rf4 27. Bf1 Nf8 28. f3 Ne6 29. Ne2 Rf5 30. Qe1 Qd8 31. Qf2 Ng5 32. Qg3 Nxf3+ 0-1

[Event "Sao Paulo Interclubs Paulista"]
[Site "Sao Paulo"]
[Date "2007.02.25"]
[Round "2"]
[White "Milos, Gilberto"]
[Black "Lee, Orlando"]
[Result "1-0"]
[WhiteElo "2580"]
[BlackElo "2288"]
[PlyCount "87"]
[EventDate "2007.02.24"]
[EventType "team"]
[EventRounds "7"]
[EventCountry "BRA"]
[SourceTitle "CBM 117 Extra"]
[Source "ChessBase"]
[SourceDate "2007.05.09"]
[SourceVersion "1"]
[SourceVersionDate "2007.05.09"]
[SourceQuality "1"]

1. d4 Nf6 2. c4 g6 3. Nc3 Bg7 4. Nf3 d6 5. Bf4 0-0 6. e3 c5 7. Be2 cxd4 8. exd4 d5 9. c5 Ne4 10. 0-0 Nc6 11. h3 Bf5 12. Qa4 a6 13. Rfd1 h6 14. Qa3 Nxc3 15. Qxc3 Qd7 16. b4 Be4 17. Ne5 Nxe5 18. dxe5 g5 19. Be3 Qe6 20. Bd4 f6 21. exf6 Bxf6 22. Bg4 Bf5 23. Bf3 Be4 24. Bg4 Bf5 25. Re1 Qd7 26. Bf3 Bxd4 27. Qxd4 e6 28. Re3 Qg7 29. Rd1 Qxd4 30. Rxd4 Kf7 31. Kf1 Kf6 32. Ke1 Rfd8 33. g4 Bg6 34. Bg2 Bf7 35. f4 a5 36. b5 Rac8 37. Rc3 e5 38. fxe5+ Kxe5 39. Ra4 d4 40. Rc2 d3 41. Re4+ Kf6 42. Rf2+ Kg6 43. Re7 d2+ 44. Kd1 1-0

[Event "Paulista-chT Interclubes 17th"]
[Site "Sao Paulo"]
[Date "2006.02.??"]
[Round "1"]
[White "Lee, Orlando"]
[Black "Crosa Coll, Martin"]
[Result "1-0"]
[WhiteElo "2288"]
[BlackElo "2449"]
[PlyCount "87"]
[EventDate "2006.02.11"]
[EventType "team-tourn"]
[EventRounds "7"]
[EventCountry "BRA"]
[SourceTitle "EXT 2022"]
[Source "ChessBase"]
[SourceDate "2021.10.06"]
[SourceVersion "1"]
[SourceVersionDate "2021.10.06"]
[SourceQuality "1"]
[WhiteTeam "Circulo Militar"]
[BlackTeam "Pinheiros EC"]
[WhiteTeamCountry "BRA"]
[BlackTeamCountry "BRA"]

1. d4 Nf6 2. c4 g6 3. Nc3 Bg7 4. e4 d6 5. Be2 0-0 6. Nf3 e5 7. 0-0 Nc6 8. d5 Ne7 9. Bg5 Kh8 10. Nd2 Neg8 11. b4 h6 12. Bh4 h5 13. Bg5 Qd7 14. c5 Nh7 15. Be3 f5 16. f3 f4 17. Bf2 Bf6 18. Rc1 dxc5 19. Bxc5 Rf7 20. Bf2 Qd8 21. Nc4 g5 22. d6 c6 23. b5 Bd7 24. b6 a5 25. Na4 Rg7 26. Nc5 Qc8 27. Nd3 Qe8 28. Qd2 Nh6 29. Kh1 g4 30. Ncxe5 Bxe5 31. Nxe5 Qxe5 32. Bd4 Qe6 33. fxg4 Nxg4 34. Rxf4 Qg6 35. Rcf1 Ne5 36. Bf3 Re8 37. Qc3 Qg5 38. g3 Kg8 39. Bd1 c5 40. Qxc5 a4 41. Be2 h4 42. Rxh4 Bc6 43. Bxe5 Qxe5 44. Bc4+ 1-0

[Event "BRA-chT"]
[Site "Sao Paulo"]
[Date "2005.03.??"]
[Round "2"]
[White "Lee, Orlando"]
[Black "Van Riemsdijk, Herman Claudius"]
[Result "0-1"]
[WhiteElo "2288"]
[BlackElo "2409"]
[PlyCount "94"]
[EventDate "2005.03.??"]
[EventType "team-swiss"]
[EventRounds "7"]
[EventCountry "BRA"]
[SourceTitle "EXT 2016"]
[Source "ChessBase"]
[SourceDate "2015.10.08"]
[SourceVersion "1"]
[SourceVersionDate "2015.10.08"]
[SourceQuality "1"]

1. e4 c5 2. Nf3 e6 3. d3 Nc6 4. g3 g6 5. Bg2 Bg7 6. 0-0 Nge7 7. c3 d5 8. Nbd2 0-0 9. Re1 Qc7 10. exd5 Nxd5 11. Nb3 b6 12. d4 cxd4 13. Nbxd4 Nxd4 14. Nxd4 Bb7 15. Qe2 a6 16. Nc2 b5 17. Ne3 Nb6 18. Nc2 Bxg2 19. Kxg2 Rad8 20. Bf4 Qb7+ 21. Qf3 Qxf3+ 22. Kxf3 Nc4 23. Bc1 Rd6 24. Kg2 Rb8 25. Rb1 Rbd8 26. Be3 f5 27. Re2 e5 28. f3 Rd1 29. Rxd1 Rxd1 30. b3 Nxe3+ 31. Nxe3 Rd3 32. c4 Bf8 33. Nd5 Bd6 34. Rc2 Kf7 35. Nc3 bxc4 36. bxc4 Ke6 37. Nd5 Ra3 38. Rd2 Ra4 39. Rc2 Bc5 40. Kf1 Bd4 41. Ke2 Kd6 42. h3 Ra3 43. g4 e4 44. gxf5 exf3+ 45. Kf1 gxf5 46. Rd2 Kc5 47. Rc2 Rd3 0-1

[Event "BRA-chT"]
[Site "Sao Paulo"]
[Date "2005.03.??"]
[Round "1"]
[White "Zampronha, Wladimir Camilo"]
[Black "Lee, Orlando"]
[Result "0-1"]
[WhiteElo "2176"]
[BlackElo "2288"]
[PlyCount "76"]
[EventDate "2005.03.??"]
[EventType "team-swiss"]
[EventRounds "7"]
[EventCountry "BRA"]
[SourceTitle "EXT 2016"]
[Source "ChessBase"]
[SourceDate "2015.10.08"]
[SourceVersion "1"]
[SourceVersionDate "2015.10.08"]
[SourceQuality "1"]

1. e4 e5 2. Nf3 Nc6 3. Bb5 a6 4. Ba4 Nf6 5. 0-0 Nxe4 6. d4 b5 7. Bb3 d5 8. dxe5 Be6 9. Nbd2 Nc5 10. c3 Bg4 11. h3 Bh5 12. Re1 Be7 13. Nf1 Nxb3 14. axb3 Bg6 15. Ng3 0-0 16. Be3 Qd7 17. Qd2 Rfd8 18. Bg5 h6 19. Bxe7 Qxe7 20. b4 a5 21. Nd4 Nxd4 22. Qxd4 a4 23. f4 Qd7 24. Rf1 Bf5 25. Kh2 Ra6 26. Qc5 Bd3 27. Rfd1 Rc6 28. Qe3 Bg6 29. Ne2 Rc4 30. Nd4 c6 31. g4 Be4 32. Rf1 Qe7 33. Qg3 Re8 34. Rg1 g5 35. fxg5 hxg5 36. Rgf1 Qxe5 37. Qxe5 Rxe5 38. Rf6 Bg6 0-1

[Event "Sao Paulo Interclubs"]
[Site "Sao Paulo"]
[Date "2003.??.??"]
[Round "4"]
[White "Lee, Orlando"]
[Black "Rodriguez Vila, Andres"]
[Result "0-1"]
[WhiteElo "2288"]
[BlackElo "2479"]
[PlyCount "70"]
[EventDate "2003.03.08"]
[EventType "team"]
[EventRounds "7"]
[EventCountry "BRA"]
[SourceTitle "CBM 093 Extra"]
[Source "ChessBase"]
[SourceDate "2003.05.09"]
[SourceVersion "1"]
[SourceVersionDate "2003.05.09"]
[SourceQuality "1"]

1. e4 e6 2. d3 d5 3. Nd2 Nf6 4. Ngf3 Bc5 5. e5 Nfd7 6. g3 Bb6 7. Nb3 c5 8. Bg2 Nc6 9. Qe2 Qc7 10. Bf4 Nf8 11. g4 Ng6 12. Bg3 Bd7 13. 0-0 0-0-0 14. c4 dxc4 15. dxc4 h5 16. h3 hxg4 17. hxg4 Kb8 18. Rfe1 Bc8 19. Rad1 Ka8 20. Rd6 Rxd6 21. exd6 Qd7 22. Ng5 e5 23. Ne4 Nf4 24. Bxf4 exf4 25. Nexc5 Qxd6 26. Ne4 Qg6 27. c5 Bc7 28. f3 f5 29. gxf5 Bxf5 30. Qf2 Ne5 31. Qe2 b6 32. Nd4 Bh3 33. b4 Rd8 34. Nb5 Bxg2 35. Nxc7+ Kb7 0-1

[Event "Sao Paulo op"]
[Site "Sao Paulo"]
[Date "2000.??.??"]
[Round "4"]
[White "Lee, Orlando"]
[Black "Man Yee, Chow"]
[Result "1/2-1/2"]
[WhiteElo "2280"]
[BlackElo "2289"]
[PlyCount "110"]
[EventDate "2000.??.??"]
[EventType "swiss"]
[EventRounds "7"]
[EventCountry "BRA"]
[SourceTitle "EXT 2001"]
[Source "ChessBase"]
[SourceDate "2000.11.22"]
[SourceVersion "1"]
[SourceVersionDate "2000.11.22"]
[SourceQuality "1"]

1. Nf3 g6 2. e4 d6 3. d4 Bg4 4. Be2 Bg7 5. 0-0 Nd7 6. c4 e5 7. d5 Nc5 8. Nc3 a5 9. Be3 b6 10. Ne1 Bxe2 11. Qxe2 Nf6 12. f3 Nh5 13. g3 0-0 14. Nd3 Qd7 15. Nxc5 bxc5 16. b3 f5 17. Bd2 Rf7 18. Rae1 Bf6 19. Kg2 Ng7 20. Rb1 Qd8 21. a4 Bg5 22. Nb5 h6 23. Rbe1 Kh7 24. Qd3 Bxd2 25. Qxd2 Nh5 26. Rf2 Qd7 27. Qe2 Nf6 28. Qd1 Kg7 29. Qd3 h5 30. Qd2 Rff8 31. exf5 gxf5 32. Kg1 Kf7 33. Ree2 Rg8 34. Rg2 Rg6 35. Qc3 Ke7 36. f4 e4 37. Kf1 Kd8 38. Qb2 Kc8 39. Nc3 Kb7 40. Nd1 Ka6 41. Ne3 Rb8 42. Qc3 Rbg8 43. Qe1 Nh7 44. Qc3 Qf7 45. Qd2 Rb8 46. Qc3 Rgg8 47. Ref2 Nf8 48. h4 Ng6 49. Rb2 Ne7 50. Kg1 Rg6 51. Kh2 Ng8 52. Kh3 Nh6 53. Rb1 Qd7 54. Rbb2 Qe7 55. Rb1 Rbg8 1/2-1/2

[Event "Sao Paulo op"]
[Site "Sao Paulo"]
[Date "2000.??.??"]
[Round "2"]
[White "Van Riemsdijk, Vinicius Paulo"]
[Black "Lee, Orlando"]
[Result "1-0"]
[WhiteElo "2160"]
[BlackElo "2280"]
[PlyCount "45"]
[EventDate "2000.??.??"]
[EventType "swiss"]
[EventRounds "7"]
[EventCountry "BRA"]
[SourceTitle "EXT 2001"]
[Source "ChessBase"]
[SourceDate "2000.11.22"]
[SourceVersion "1"]
[SourceVersionDate "2000.11.22"]
[SourceQuality "1"]

1. e4 e5 2. Nf3 Nc6 3. Bb5 a6 4. Ba4 Nf6 5. 0-0 Nxe4 6. Re1 Nc5 7. Bxc6 dxc6 8. Nxe5 Be7 9. d4 Ne6 10. Be3 0-0 11. f4 f5 12. c4 Bd6 13. Nc3 Re8 14. Qc2 Bxe5 15. dxe5 Rf8 16. Rad1 Qe7 17. Qf2 Bd7 18. b4 Qxb4 19. Nd5 cxd5 20. cxd5 b6 21. Qc2 Nc5 22. Bd2 Qa4 23. Qc3 1-0

[Event "IGSP op-A"]
[Site "Sao Caetano do Sul"]
[Date "1999.??.??"]
[Round "6"]
[White "Lee, Orlando"]
[Black "De Holanda, Cleber Moreira"]
[Result "1-0"]
[WhiteElo "2280"]
[BlackElo "2175"]
[PlyCount "72"]
[EventDate "1999.??.??"]
[EventType "swiss"]
[EventRounds "7"]
[EventCountry "BRA"]
[SourceTitle "EXT 2000"]
[Source "ChessBase"]
[SourceDate "1999.11.16"]
[SourceVersion "1"]
[SourceVersionDate "1999.11.16"]
[SourceQuality "1"]

1. Nf3 c5 2. g3 d5 3. Bg2 Nc6 4. 0-0 g6 5. d3 Nf6 6. Nc3 Bg7 7. e4 0-0 8. h3 e5 9. Bg5 d4 10. Nd5 Be6 11. Re1 Re8 12. a3 Bxd5 13. exd5 Qxd5 14. Nxe5 Qd6 15. Bxc6 bxc6 16. Nc4 Qd5 17. Bxf6 Bxf6 18. Qd2 h5 19. Rxe8+ Rxe8 20. Re1 Rxe1+ 21. Qxe1 h4 22. Qe4 hxg3 23. fxg3 Qh5 24. Qg4 Qd5 25. h4 Bg7 26. Qe2 Bh6 27. b3 Qf5 28. Kg2 Qd7 29. a4 a6 30. Qe4 f5 31. Nb6 Qd6 32. Qe8+ Bf8 33. Nd7 Kg7 34. Ne5 Be7 35. Nxg6 Bf6 36. Nf4 Be5 1-0